Current WWE NXT Roster - Statistics

General Stats
  • This quiz has been taken 115 times
    23 since last reset
  • The average score is 31 of 50
Answer Stats
Wrestler % Correct
Tony D'Angelo
93%
Zaria
93%
Kendal Grey
80%
Lola Vice
80%
Tatum Paxley
80%
Wren Sinclair
80%
Channing "Stacks" Lorenzo
73%
Izzi Dame
73%
Jasper Troy
73%
Kelani Jordan
73%
Shawn Spears
73%
Arianna Grace
67%
Charlie Dempsey
67%
Jackson Drake
67%
Jaida Parker
67%
Lexis King
67%
Mason Rook
67%
Tristan Angels
67%
Uriah Connors
67%
Brad Baylor
60%
Bronco Nima
60%
Cutler James
60%
EK Prosper
60%
Elio Lefleur
60%
Kali Armstrong
60%
Lizzy Rain
60%
Niko Vance
60%
Ricky Smokes
60%
Saquon Shugars
60%
Sean Legacy
60%
Tank Ledger
60%
Tavion Heights
60%
Thea Hail
60%
Dion Lennox
53%
Hank Walker
53%
Josh Briggs
53%
Kale Dixon
53%
Kam Hendrix
53%
Keanu Carver
53%
Lucien Price
53%
Myles Borne
53%
Naraku
53%
Osiris Griffin
53%
Shiloh Hill
53%
Adriana Rizzo
47%
Skylar Raye
47%
Myka Lockwood
40%
Noam Dar
40%
Ulka Sasaki
33%
Tate Wilder
27%
No matching quizzes found
Score Distribution
Percent of People with Each Score
Percentile by Number Answered
Your Score History
You have not taken this quiz since the last reset